000 00711nam a22002417a 4500
001 43394
003 UA-OsUOA
005 20210103222511.0
007 ta
008 20061221b un ||||| |||| 00| 0 ukr d
040 _aUA-OsUOA
_bukr
_cUA-OsUOA
_dUA-OsUOA
041 _aukr
080 _a821.161.2
090 _a821.161.2
_bЗ-43
100 _aЗвичайна О.
245 _aСелянська санаторія
_bповість
260 _aВінніпег
_bТризуб
_c1952
300 _a218 с.
650 7 _a82 Література. Літературознавство
_2UDC
942 _cBK
_2udc
955 _a3
999 _c329523
_d329523